[Event "Cantabria-ch"]
[Site "Cantabria"]
[Date "2009.04.18"]
[Round "5"]
[White "Giraldez Camus, Jose"]
[Black "Velarde Diaz Pallares, Pedro"]
[Result "1-0"]
[WhiteElo "1854"]
[BlackElo "1660"]
[PlyCount "115"]
[EventDate "2009.03.14"]
[EventType "swiss"]
[EventRounds "7"]
[EventCountry "ESP"]
[SourceTitle "EXT 2024"]
[Source "ChessBase"]
[SourceDate "2023.10.10"]
[SourceVersion "1"]
[SourceVersionDate "2023.10.10"]
[SourceQuality "1"]

1. e4 c5 2. Nf3 Nc6 3. d4 cxd4 4. Nxd4 Nf6 5. Nc3 d6 6. Be2 e6 7. Be3 Be7 8. Qd2 0-0 9. f3 d5 10. exd5 Nxd5 11. Nxc6 bxc6 12. a3 Nxe3 13. Qxe3 Qb6 14. Qxb6 axb6 15. 0-0-0 Ra7 16. Ne4 Ba6 17. Bxa6 Rxa6 18. Rd7 Re8 19. Rhd1 Kf8 20. Rc7 f5 21. Ng3 Bg5+ 22. Kb1 b5 23. Rdd7 Re7 24. Rxe7 Bxe7 25. Ne2 e5 26. Nc1 g5 27. Nd3 e4 28. fxe4 fxe4 29. Ne1 c5 30. Rd7 Rd6 31. Rxd6 Bxd6 32. g3 Kf7 33. Kc1 Kf6 34. Kd2 Kf5 35. Ke3 Be5 36. c3 h5 37. Ng2 Bc7 38. b3 Bb6 39. c4 bxc4 40. bxc4 Bc7 41. a4 Ba5 42. h4 g4 43. Nf4 Bc7 44. Nxh5 Kg6 45. Nf4+ Kf5 46. Ne2 Ba5 47. h5 Be1 48. h6 Kg6 49. Kxe4 Kxh6 50. Kf4 Kg7 51. Kxg4 Kf6 52. Kf4 Bd2+ 53. Ke4 Ke6 54. g4 Kd6 55. Nf4 Kc6 56. g5 Kb6 57. g6 Bc3 58. Nd5+ 1-0